<?xml version="1.0" encoding="UTF-8"?>
<record
    xmlns:xsi="http://www.w3.org/2001/XMLSchema-instance"
    xsi:schemaLocation="http://www.loc.gov/MARC21/slim http://www.loc.gov/standards/marcxml/schema/MARC21slim.xsd"
    xmlns="http://www.loc.gov/MARC21/slim">

  <leader>00911nam a22002297a 4500</leader>
  <controlfield tag="003">OSt</controlfield>
  <controlfield tag="005">20151019134801.0</controlfield>
  <controlfield tag="008">130604s2006    sp ||||| |||| 00| 0 cat d</controlfield>
  <datafield tag="020" ind1=" " ind2=" ">
    <subfield code="a">8483303620</subfield>
  </datafield>
  <datafield tag="040" ind1=" " ind2=" ">
    <subfield code="c">CDMR</subfield>
  </datafield>
  <datafield tag="100" ind1="1" ind2=" ">
    <subfield code="9">3659</subfield>
    <subfield code="a">Sol&#xE9; i Sabat&#xE9;, Josep M.</subfield>
  </datafield>
  <datafield tag="245" ind1=" " ind2=" ">
    <subfield code="a">Guerra i propaganda</subfield>
    <subfield code="b">: fotografies del comissariat de Propaganda de la Generalitat de Catalunya (1936-1939)</subfield>
    <subfield code="c">textos de Josep M. Sol&#xE9; i Sabat&#xE9; i Joan Villarroya</subfield>
  </datafield>
  <datafield tag="260" ind1=" " ind2=" ">
    <subfield code="a">Barcelona</subfield>
    <subfield code="b">Viena Edicions</subfield>
  </datafield>
  <datafield tag="260" ind1=" " ind2=" ">
    <subfield code="a">Sant Cugat del Vall&#xE8;s (Barcelona)</subfield>
    <subfield code="b">Arxiu Nacional de Catalunya</subfield>
    <subfield code="c">2006 (DL 2005)</subfield>
  </datafield>
  <datafield tag="300" ind1=" " ind2=" ">
    <subfield code="a">268 p.</subfield>
    <subfield code="b">il. fot.</subfield>
  </datafield>
  <datafield tag="500" ind1=" " ind2=" ">
    <subfield code="a">Textos en catal&#xE0;, castell&#xE0; i angl&#xE8;s</subfield>
  </datafield>
  <datafield tag="650" ind1="0" ind2="4">
    <subfield code="9">3177</subfield>
    <subfield code="a">Propaganda</subfield>
    <subfield code="z">Catalunya</subfield>
    <subfield code="y">1936-1939</subfield>
  </datafield>
  <datafield tag="650" ind1="0" ind2="4">
    <subfield code="9">3196</subfield>
    <subfield code="a">Espanya</subfield>
    <subfield code="x">Hist&#xF2;ria</subfield>
    <subfield code="y">1936-1939, Guerra Civil</subfield>
    <subfield code="v">Fotografia</subfield>
  </datafield>
  <datafield tag="700" ind1="1" ind2=" ">
    <subfield code="9">3660</subfield>
    <subfield code="a">Villarroya, Joan</subfield>
  </datafield>
  <datafield tag="710" ind1="1" ind2=" ">
    <subfield code="9">3661</subfield>
    <subfield code="a">Catalunya</subfield>
    <subfield code="b"> -- Comissariat de Propaganda</subfield>
  </datafield>
  <datafield tag="942" ind1=" " ind2=" ">
    <subfield code="2">udc</subfield>
    <subfield code="c">MON</subfield>
  </datafield>
  <datafield tag="999" ind1=" " ind2=" ">
    <subfield code="c">6398</subfield>
    <subfield code="d">6398</subfield>
  </datafield>
  <datafield tag="952" ind1=" " ind2=" ">
    <subfield code="0">0</subfield>
    <subfield code="1">0</subfield>
    <subfield code="4">0</subfield>
    <subfield code="7">0</subfield>
    <subfield code="a">CDMR</subfield>
    <subfield code="b">CDMR</subfield>
    <subfield code="d">2013-01-16</subfield>
    <subfield code="l">0</subfield>
    <subfield code="o">Dk</subfield>
    <subfield code="p">CDMR13066611</subfield>
    <subfield code="r">2013-06-04</subfield>
    <subfield code="w">2013-06-04</subfield>
    <subfield code="y">MON</subfield>
  </datafield>
</record>
